Advances in nonlinear partial differential equations and stochastics (Record no. 28939)

MARC details
000 -LEADER
fixed length control field 00521nam a22001697a 4500
003 - CONTROL NUMBER IDENTIFIER
control field OSt
005 - DATE AND TIME OF LATEST TRANSACTION
control field 20250922120604.0
008 - FIXED-LENGTH DATA ELEMENTS--GENERAL INFORMATION
fixed length control field 250922b |||||||| |||| 00| 0 eng d
020 ## - INTERNATIONAL STANDARD BOOK NUMBER
International Standard Book Number 9789810233969
082 ## - DEWEY DECIMAL CLASSIFICATION NUMBER
Classification number 515.35
Item number K17A
100 ## - MAIN ENTRY--PERSONAL NAME
Personal name Kawashima, S.
Relator term Editor
245 ## - TITLE STATEMENT
Title Advances in nonlinear partial differential equations and stochastics
Statement of responsibility, etc Edited By Kawashima, S. And T. Yanagisawa
260 ## - PUBLICATION, DISTRIBUTION, ETC. (IMPRINT)
Place of publication, distribution, etc Singapore
Name of publisher, distributor, etc World scientific
Date of publication, distribution, etc 1998
300 ## - PHYSICAL DESCRIPTION
Extent 351p.
Other physical details HB
700 ## - ADDED ENTRY--PERSONAL NAME
Personal name Yanagisawa, T.
Relator term Editor
942 ## - ADDED ENTRY ELEMENTS (KOHA)
Source of classification or shelving scheme Dewey Decimal Classification
Koha item type Books
Holdings
Withdrawn status Lost status Source of classification or shelving scheme Damaged status Not for loan Collection code Home library Current library Date acquired Source of acquisition Total Checkouts Full call number Barcode Date last seen Price effective from Koha item type
    Dewey Decimal Classification     General Text Book Central University Of Rajasthan Central University Of Rajasthan 22/09/2025 MTH   515.35 K17A 046578 22/09/2025 22/09/2025 Books